[Event "70th ch-RUS HL 2017"]
[Site "Sochi RUS"]
[Date "2017.07.04"]
[Round "3.11"]
[White "Sorokin, Aleksey"]
[Black "Rakhmanov, Aleksandr"]
[Result "1/2-1/2"]
[WhiteTitle "FM"]
[BlackTitle "GM"]
[WhiteElo "2469"]
[BlackElo "2670"]
[WhiteFideId "24176460"]
[BlackFideId "4173708"]
[EventDate "2017.07.02"]

1. d4 Nf6 2. c4 e6 3. Nf3 a6 4. Nc3 d5 5. cxd5 exd5 6. Bg5 Be6 7. e3 Nbd7 8. Bd3
Bd6 9. O-O c6 10. Bf4 Qc7 11. Bxd6 Qxd6 12. Ng5 O-O 13. Qc2 h6 14. Nxe6 Qxe6 15.
Rfe1 Rfe8 16. Rad1 Qd6 17. f3 Nf8 18. Qf2 Rad8 19. Bb1 Ne6 20. a3 g6 21. Ne2 Kg7
22. Nc1 c5 23. Nd3 cxd4 24. exd4 Re7 25. Ne5 Rde8 26. f4 Nf8 27. Qf3 N6d7 28.
Qf2 f6 29. Nxd7 Nxd7 30. f5 g5 31. g3 Nb8 32. Rxe7+ Qxe7 33. Qf3 Rd8 34. Ba2 Qf7
35. Re1 Nc6 36. Qc3 Rd7 37. Qc5 Qf8 38. Qc3 Qd8 39. Qc5 Qa5 40. Qxa5 Nxa5 41.
Rc1 Nc6 42. Rc5 Ne7 43. g4 h5 44. h3 h4 45. Kf2 Kf8 46. Ke3 Ke8 47. Kd2 Kd8 48.
Rc1 Rd6 49. Re1 Nc8 50. a4 Nb6 51. a5 Na8 52. Bb3 Nc7 53. Ba4 b6 54. axb6 Rxb6
55. Kc3 Rb8 1/2-1/2

[Event "70th ch-RUS HL 2017"]
[Site "Sochi RUS"]
[Date "2017.07.04"]
[Round "3.12"]
[White "Duzhakov, Ilya"]
[Black "Sjugirov, Sanan"]
[Result "1/2-1/2"]
[WhiteTitle "FM"]
[BlackTitle "GM"]
[WhiteElo "2421"]
[BlackElo "2649"]
[WhiteFideId "4192516"]
[BlackFideId "4189302"]
[EventDate "2017.07.02"]

1. d4 Nf6 2. c4 e6 3. Nf3 d5 4. Nc3 c6 5. Bg5 h6 6. Bh4 dxc4 7. e4 b5 8. e5 g5
9. Nxg5 hxg5 10. Bxg5 Nbd7 11. exf6 Bb7 12. g3 Qb6 13. Bg2 O-O-O 14. O-O c5 15.
d5 b4 16. Na4 Qb5 17. a3 Nb8 18. axb4 cxb4 19. Qg4 Bxd5 20. Rfc1 Nc6 21. Bxd5
Rxd5 22. Rxc4 Rxg5 23. Qd4 Kb8 24. Rxc6 Rxg3+ 25. fxg3 Qxc6 26. Rd1 Qc7 27. b3
Kc8 28. Qe4 Kb8 29. Qd4 Kc8 30. Qe4 Kb8 31. Qd4 Kc8 32. Qe4 Kb8 33. Qd4 Kc8 34.
Qe4 1/2-1/2

[Event "70th ch-RUS HL 2017"]
[Site "Sochi RUS"]
[Date "2017.07.04"]
[Round "3.13"]
[White "Khismatullin, Denis"]
[Black "Zabotin, Alexander"]
[Result "1-0"]
[WhiteTitle "GM"]
[BlackTitle "IM"]
[WhiteElo "2639"]
[BlackElo "2466"]
[WhiteFideId "4142578"]
[BlackFideId "4159985"]
[EventDate "2017.07.02"]

1. c4 Nf6 2. g3 e6 3. Bg2 d5 4. d4 Be7 5. Nf3 O-O 6. O-O c6 7. Nc3 Nbd7 8. Qd3
b6 9. b3 Ba6 10. Rd1 Rc8 11. e4 dxe4 12. Nxe4 c5 13. Bf4 Nxe4 14. Qxe4 Qe8 15.
d5 Bb7 16. Re1 Bf6 17. Ng5 g6 18. Qd3 e5 19. Ne4 Be7 20. d6 Bd8 21. Bh6 f5 22.
Nf6+ Bxf6 23. Bxb7 Rd8 24. Rad1 e4 25. Qd5+ Rf7 26. Bc6 Bc3 27. Re2 Qe5 28. Bf4
Qf6 29. h4 Ne5 30. Kg2 Nf3 31. Re3 Be5 32. Bg5 Nxg5 33. hxg5 Qg7 34. Qe6 Bd4 35.
Re2 Kf8 36. f3 e3 37. Rxe3 Bxe3 38. Qxe3 Qb2+ 39. Kh3 Kg7 40. f4 h6 41. Qe5+
Qxe5 42. fxe5 hxg5 43. Kg2 Rh8 44. e6 Rf6 45. Re1 Rd8 46. d7 1-0

[Event "70th ch-RUS HL 2017"]
[Site "Sochi RUS"]
[Date "2017.07.04"]
[Round "3.14"]
[White "Kobalia, Mikhail"]
[Black "Samojlov, Anton"]
[Result "1-0"]
[WhiteTitle "GM"]
[BlackTitle "FM"]
[WhiteElo "2613"]
[BlackElo "2329"]
[WhiteFideId "4119150"]
[BlackFideId "4151909"]
[EventDate "2017.07.02"]

1. e4 e5 2. Nf3 Nc6 3. Bb5 a6 4. Ba4 Nf6 5. d3 d6 6. c3 g6 7. d4 Bd7 8. O-O Qe7
9. Re1 Bg7 10. d5 Nd8 11. Bg5 h6 12. Bxd7+ Qxd7 13. Bxf6 Bxf6 14. c4 c5 15. Nc3
Be7 16. a3 Rc8 17. Qe2 O-O 18. b4 f5 19. Rab1 Nf7 20. Rb3 b5 21. cxb5 c4 22. Rb2
axb5 23. a4 bxa4 24. Ra2 Bd8 25. Qc2 Ng5 26. Nxg5 hxg5 27. Rxa4 Bb6 28. Ra6 Bd4
29. exf5 gxf5 30. Ne2 Qb5 31. Nxd4 Qxa6 32. Nxf5 Rc7 33. h4 Qa3 34. Re3 Qa1+ 35.
Kh2 gxh4 36. Re4 Rh7 37. Rxc4 h3 38. Rg4+ Kh8 39. Nh4 hxg2 40. Kxg2 Rh6 41. Ng6+ 1-0

[Event "70th ch-RUS HL 2017"]
[Site "Sochi RUS"]
[Date "2017.07.04"]
[Round "3.15"]
[White "Yeletsky, Ivan"]
[Black "Oparin, Grigoriy"]
[Result "0-1"]
[WhiteTitle "FM"]
[BlackTitle "GM"]
[WhiteElo "2417"]
[BlackElo "2605"]
[WhiteFideId "24180327"]
[BlackFideId "24125890"]
[EventDate "2017.07.02"]

1. e4 e5 2. Nf3 Nc6 3. Bb5 a6 4. Ba4 Nf6 5. O-O Be7 6. Re1 b5 7. Bb3 d6 8. c3
O-O 9. h3 Nb8 10. d4 Nbd7 11. Nbd2 Bb7 12. Bc2 Re8 13. Nf1 Bf8 14. Bg5 g6 15. a4
Bg7 16. d5 h6 17. Bh4 Qb8 18. b3 c6 19. c4 Qc7 20. a5 Rec8 21. dxc6 Bxc6 22.
N3d2 Nc5 23. b4 Ne6 24. Ne3 Nd4 25. Bd3 Nh5 26. Bf1 Qb7 27. Rc1 Nf4 28. Kh2 Rc7
29. cxb5 axb5 30. f3 Rac8 31. Bf2 f5 32. Rc3 fxe4 33. fxe4 Rf7 34. Bh4 Rcf8 35.
Qb1 h5 36. Nd5 Kh7 37. Rg3 Bxd5 38. exd5 Nf5 39. Nf3 Bh6 40. Rd1 Nxd5 41. a6 Qa8
42. Bd3 Nc3 43. Qb3 Nxd1 44. Bxf5 Rxf5 45. Qxd1 Qxa6 46. Bg5 Bg7 47. Be3 Bf6 48.
Qd5 e4 49. Qxe4 Be5 50. Nxe5 dxe5 51. Qd5 R8f7 52. Bc1 Qa1 53. Qd2 Rf4 54. Qd6
R4f6 55. Qd2 Qb1 56. Rd3 Rf4 57. Rd8 Qe4 58. Re8 Qd4 59. Qe2 Rf2 60. Qxe5 Qxe5+
61. Rxe5 Rc2 62. Be3 Re2 63. h4 Rff2 64. Kg3 Rxg2+ 65. Kf3 Rgf2+ 66. Ke4 Rf5 67.
Re7+ Kg8 68. Kd3 Re1 69. Kd2 Rh1 70. Bg5 Rh3 71. Ke2 Rb3 72. Re8+ Kg7 73. Re7+
Rf7 74. Re4 Ra7 75. Kd2 Ra2+ 76. Kc1 Rf3 77. Kb1 Rh2 78. Re1 Rb3+ 79. Ka1 Rxb4
80. Bf6+ Kf7 81. Bg5 Rbxh4 0-1

[Event "70th ch-RUS HL 2017"]
[Site "Sochi RUS"]
[Date "2017.07.04"]
[Round "3.16"]
[White "Gaifullin, Artur"]
[Black "Potkin, Vladimir"]
[Result "0-1"]
[WhiteTitle "FM"]
[BlackTitle "GM"]
[WhiteElo "2405"]
[BlackElo "2576"]
[WhiteFideId "24168653"]
[BlackFideId "4131061"]
[EventDate "2017.07.02"]

1. d4 Nf6 2. c4 e6 3. Nf3 d5 4. Nc3 c6 5. cxd5 exd5 6. Bg5 h6 7. Bxf6 Qxf6 8. e3
g6 9. Bd3 Bg7 10. Qc2 O-O 11. O-O Be6 12. b4 Nd7 13. Rfc1 Rfc8 14. Rab1 b5 15.
a4 a6 16. a5 Qe7 17. Nd2 f5 18. Ne2 Bf7 19. Nf3 Rc7 20. g3 Rf8 21. h4 Nf6 22.
Qc5 Qxc5 23. Rxc5 Rfc8 24. Ne5 Bf8 25. Rc2 Bd6 26. Nf4 Kg7 27. Kg2 Bxe5 28. dxe5
Ng4 29. e6 Bg8 30. Rbc1 Ne5 31. Be2 Rd8 32. h5 g5 33. Nd3 Nc4 34. Nc5 Ra8 35. g4
Bh7 36. Rc3 Kf6 37. Re1 Re7 38. gxf5 Bxf5 39. e4 Bxe6 40. Bxc4 dxc4 41. Rd1 Ke5
42. Kg3 Rf7 43. f3 Rf4 44. Re3 Rf7 45. Rd2 Rf6 46. Rc3 Raf8 47. Nxa6 g4 48. fxg4
Rf4 49. Nc5 Rxg4+ 50. Kh2 Rfg8 51. Rh3 R4g5 52. Rh4 Rg1 53. Ra2 Rb1 54. a6 Rxb4
55. a7 Ra8 56. Ra6 Kd6 57. Nb7+ Kc7 58. Na5 Bd7 59. Rf4 c3 60. Rf7 Kd6 61. Rf3
Rb2+ 62. Kg3 c2 63. Rc3 Ke5 64. Nxc6+ Kxe4 65. Nb8 Rb3 66. Rxb3 c1=Q 0-1

[Event "70th ch-RUS HL 2017"]
[Site "Sochi RUS"]
[Date "2017.07.04"]
[Round "3.17"]
[White "Esipenko, Andrey"]
[Black "Savitskiy, Sergey"]
[Result "1-0"]
[WhiteTitle "FM"]
[BlackTitle "FM"]
[WhiteElo "2523"]
[BlackElo "2428"]
[WhiteFideId "24175439"]
[BlackFideId "24105660"]
[EventDate "2017.07.02"]

1. d4 Nf6 2. c4 g6 3. Nf3 Bg7 4. g3 O-O 5. Bg2 d6 6. O-O Nc6 7. d5 Na5 8. Na3 c5
9. Re1 a6 10. e4 Bg4 11. h3 Bxf3 12. Qxf3 Nd7 13. Qd1 b5 14. cxb5 axb5 15. Nxb5
Qb8 16. a4 c4 17. Bg5 Re8 18. Ra2 Nc5 19. Bf1 Qb7 20. Qc2 Rec8 21. h4 Na6 22.
Bd2 Nb3 23. Bc3 Qb6 24. Ra3 Nd4 25. Nxd4 Bxd4 26. a5 Qa7 27. Bxd4 Qxd4 28. Ra4
Rcb8 29. Rxc4 Rxb2 30. Rxd4 Rxc2 31. Ra4 Nc5 32. Ra3 Rb2 33. e5 Kf8 34. exd6
exd6 35. a6 Ra7 36. Ra5 Rb6 37. Raa1 Ra8 38. Ra3 Ra7 39. Kg2 h5 40. Kf3 Rb2 41.
Kg2 Rb6 42. Ra5 Rb4 43. Rb5 Rd4 44. Reb1 Rxd5 45. Rb7 Rxa6 46. Bxa6 Nxa6 47. Ra7
Nc5 48. Rb8+ Kg7 49. Rd8 Rd2 50. Kf3 Rd3+ 51. Ke2 Rd4 52. Rc8 Rd5 53. Ra3 Ne6
54. Rd3 Re5+ 55. Kf1 d5 56. Ra8 d4 57. Rf3 Rc5 58. Ra7 Rc7 59. Rxc7 Nxc7 60. Ke2
Ne6 61. Kd3 f5 62. Kc4 Kf6 63. Kd5 f4 64. Ke4 g5 65. gxf4 gxh4 66. Rh3 d3 67.
Rxh4 d2 68. Rh1 Nc5+ 69. Ke3 Nb3 70. Ke2 Kf5 71. Rxh5+ Kxf4 72. Rh4+ 1-0

[Event "70th ch-RUS HL 2017"]
[Site "Sochi RUS"]
[Date "2017.07.04"]
[Round "3.18"]
[White "Yandemirov, Valeri"]
[Black "Belozerov, Andrei"]
[Result "1/2-1/2"]
[WhiteTitle "GM"]
[BlackTitle "GM"]
[WhiteElo "2385"]
[BlackElo "2512"]
[WhiteFideId "4102622"]
[BlackFideId "4120213"]
[EventDate "2017.07.02"]

1. e4 d6 2. d4 Nf6 3. Nc3 g6 4. Nf3 Bg7 5. Be2 O-O 6. O-O e6 7. h3 Nc6 8. Be3 a6
9. Qd2 b5 10. a3 Bb7 11. Rad1 Re8 12. Bg5 e5 13. dxe5 Nxe5 14. Nxe5 dxe5 15. Qc1
Qe7 16. Nd5 Bxd5 17. exd5 Qd7 18. c4 Ne4 19. Be3 f5 20. d6 cxd6 21. Bf3 Rac8 22.
Bxe4 fxe4 23. Qd2 bxc4 24. Qxd6 Qb5 25. Qd5+ Qxd5 26. Rxd5 Rb8 27. Rc1 Rec8 28.
Rc2 Rb5 29. Rcd2 Bf8 30. Rxb5 axb5 31. Rd5 Rb8 32. Bd2 b4 33. axb4 Bxb4 34. Kf1
Kf7 35. Bc3 Kf6 36. Bxb4 Rxb4 37. Rd2 Kf5 38. Ke2 h5 39. Rc2 h4 40. Kd2 Rb3 41.
Rxc4 Rxb2+ 42. Ke3 Rb1 43. f3 Rb3+ 44. Kf2 Rb2+ 45. Kf1 exf3 46. gxf3 g5 47. Kg1
Rd2 48. Re4 Rd4 49. Re2 Kf4 50. Kg2 e4 51. fxe4 Rxe4 52. Rf2+ Ke5 53. Ra2 Re3
54. Ra5+ Kf4 55. Ra4+ Re4 56. Ra2 Rd4 57. Rf2+ Ke4 58. Re2+ Kd5 59. Ra2 Ke5 60.
Re2+ Re4 1/2-1/2

[Event "70th ch-RUS HL 2017"]
[Site "Sochi RUS"]
[Date "2017.07.04"]
[Round "3.19"]
[White "Sarana, Alexey"]
[Black "Bykov, Egor"]
[Result "1-0"]
[WhiteTitle "GM"]
[BlackTitle "FM"]
[WhiteElo "2510"]
[BlackElo "2324"]
[WhiteFideId "24133795"]
[BlackFideId "34115290"]
[EventDate "2017.07.02"]

1. d4 Nf6 2. c4 e6 3. Nf3 b6 4. g3 Ba6 5. b3 Bb4+ 6. Bd2 Be7 7. Bg2 c6 8. Bc3 d5
9. Nbd2 O-O 10. Qc2 Nbd7 11. e4 c5 12. exd5 exd5 13. O-O Rc8 14. Rfd1 Qc7 15.
Rac1 cxd4 16. Nxd4 dxc4 17. Nxc4 Bxc4 18. bxc4 Qxc4 19. Qb1 Qa4 20. Bc6 Rxc6 21.
Nxc6 Qxc6 22. Bxf6 Qxf6 23. Rxd7 Bc5 24. Rd2 Re8 25. Re1 Rxe1+ 26. Qxe1 g6 27.
Qe4 Kg7 28. Kg2 h5 29. Re2 a5 30. Rd2 Kh7 31. Rc2 Kg7 32. Re2 Qc3 33. a4 Qf6 34.
Qe5 Qxe5 35. Rxe5 Kf6 36. f4 Bd6 37. Re2 h4 38. Rb2 Bc5 39. gxh4 Kg7 40. Kf3 Kh6
41. Rd2 Bb4 42. Rd7 f5 43. Rf7 Be1 44. h5 1-0

[Event "70th ch-RUS HL 2017"]
[Site "Sochi RUS"]
[Date "2017.07.04"]
[Round "3.20"]
[White "Savenkov, Konstantin"]
[Black "Triapishko, Alexandr"]
[Result "0-1"]
[WhiteTitle "FM"]
[BlackTitle "IM"]
[WhiteElo "2437"]
[BlackElo "2506"]
[WhiteFideId "4138600"]
[BlackFideId "14122286"]
[EventDate "2017.07.02"]

1. e4 e5 2. Nf3 Nc6 3. Nc3 Nf6 4. Be2 d5 5. exd5 Nxd5 6. O-O Nxc3 7. bxc3 e4 8.
Ne1 Bd6 9. f3 exf3 10. Nxf3 O-O 11. d4 Bf5 12. Bd3 Bxd3 13. Qxd3 Qf6 14. Rb1
Rab8 15. Rb5 Qg6 16. Qd1 Ne7 17. Rg5 Qe6 18. Qd3 h6 19. Re1 Qf6 20. Rg4 Qf5 21.
Rge4 Nd5 22. g4 Qh7 23. g5 hxg5 24. Bxg5 b5 25. R1e2 Qf5 26. Rg2 Nxc3 27. Bf6
Qxf6 28. Rh4 g6 29. Qxc3 Rfe8 30. Qd3 c5 31. Rhg4 c4 32. Qf1 Re3 33. Rf2 Qe6 34.
Qg2 Re8 35. h4 Re4 36. Rxe4 Qxe4 37. h5 Bf4 38. hxg6 fxg6 39. Re2 Be3+ 40. Kh1
Kg7 41. Nh2 Qxd4 42. Qb7+ Kg8 43. Qf3 Re5 44. Re1 Qe4 45. Qxe4 Rxe4 46. Kg2 Re7
47. Kf3 Bc5 48. Rxe7 Bxe7 49. Ke4 Kf7 50. Ke5 b4 51. Ng4 c3 52. Kd5 g5 53. Ne5+
Kf6 54. Nc6 a6 55. Nd4 g4 56. Ke4 Kg5 57. Nf5 Bc5 0-1

[Event "70th ch-RUS HL 2017"]
[Site "Sochi RUS"]
[Date "2017.07.04"]
[Round "3.21"]
[White "Khegay, Dmitriy"]
[Black "Utnasunov, Alexander"]
[Result "1-0"]
[WhiteTitle "FM"]
[WhiteElo "2484"]
[BlackElo "2444"]
[WhiteFideId "24153729"]
[BlackFideId "4134524"]
[EventDate "2017.07.02"]

1. e4 c5 2. Nf3 d6 3. d4 cxd4 4. Nxd4 Nf6 5. Nc3 g6 6. Be3 a6 7. f3 b5 8. a4 b4
9. Nd5 Nxd5 10. exd5 Bb7 11. Bc4 Qc7 12. Bb3 Bg7 13. a5 Nd7 14. Qd2 Rb8 15. Bh6
Bf6 16. O-O Nc5 17. Bc4 Ne6 18. Bb5+ axb5 19. dxe6 Qc4 20. Be3 fxe6 21. b3 Qc8
22. Qxb4 Ba6 23. c3 O-O 24. Ne2 Qc6 25. Rac1 Rbc8 26. Rfd1 e5 27. Qg4 Kf7 28.
Qh3 h5 29. Qg3 h4 30. Qg4 Ra8 31. Bg5 Bxg5 32. Qxg5 h3 33. Rf1 Rh8 34. g3 Bb7
35. b4 Rh5 36. Qe3 Rf5 37. g4 Rf6 38. Ng3 Kg7 39. Qg5 Kf7 40. Ne4 Rf4 41. Qh6
Ke6 42. Qxg6+ Kd7 43. Rcd1 Raf8 44. Qh7 R8f7 45. Qxh3 Kc7 46. Ng5 R7f6 47. Qg3
Qc4 48. h3 e4 49. Qf2 exf3 50. Rd4 Rxd4 51. Qxd4 Qe2 52. Rf2 Qe1+ 53. Kh2 e5 54.
Qb6+ Kc8 55. a6 Bd5 56. a7 e4 57. Ra2 Ba8 58. Qb8+ Kd7 59. Qxa8 1-0

[Event "70th ch-RUS HL 2017"]
[Site "Sochi RUS"]
[Date "2017.07.04"]
[Round "3.22"]
[White "Kozak, Alexander"]
[Black "Pogonina, Natalija"]
[Result "0-1"]
[WhiteTitle "FM"]
[BlackTitle "WGM"]
[WhiteElo "2303"]
[BlackElo "2469"]
[WhiteFideId "4135881"]
[BlackFideId "4147855"]
[EventDate "2017.07.02"]

1. e4 e5 2. Nf3 Nc6 3. Bb5 a6 4. Bxc6 dxc6 5. O-O Qf6 6. d4 exd4 7. Bg5 Qd6 8.
Nxd4 Bd7 9. Nc3 Ne7 10. Nf3 Qxd1 11. Raxd1 f6 12. Be3 Ng6 13. Nd4 O-O-O 14. f4
Bb4 15. Nde2 Rde8 16. a3 Bd6 17. b4 Bg4 18. Kf2 a5 19. Rd4 c5 20. bxc5 Bxc5 21.
Rc4 Bxe3+ 22. Kxe3 Bxe2 23. Kxe2 Rd8 24. Nd5 c6 25. g3 Rhe8 26. Ne3 Nf8 27. Rb1
Ne6 28. c3 Nc7 29. h4 b5 30. Rxc6 Kb7 31. Rc5 Kb6 32. Rh5 g6 33. Rxh7 Rxe4 34.
Kf3 f5 35. Nf1 Rd3+ 36. Kf2 Rxc3 37. Rh6 Rc2+ 38. Kg1 Re6 39. h5 gxh5 40. Rxh5
Nd5 41. Rxf5 Nc3 42. Rfxb5+ Nxb5 43. a4 Rc5 44. Kf2 Re4 45. axb5 Rxb5 46. Ra1 a4
47. Kf3 Rd4 48. Kg4 Ka5 49. Ne3 Rb3 50. Nf5 Rd5 51. Ne7 Rdd3 52. Nc6+ Kb6 53.
Ne5 Rxg3+ 54. Kf5 Rb4 55. Nd7+ Kc6 56. Nf8 a3 57. Ne6 Rb2 58. Ke5 Re3+ 59. Kf6
a2 60. f5 Ra3 61. Kg6 Rb1 0-1

[Event "70th ch-RUS HL 2017"]
[Site "Sochi RUS"]
[Date "2017.07.04"]
[Round "3.23"]
[White "Ulyanin, Sergei"]
[Black "Oganian, Miran"]
[Result "0-1"]
[WhiteTitle "FM"]
[BlackTitle "IM"]
[WhiteElo "2328"]
[BlackElo "2462"]
[WhiteFideId "24105805"]
[BlackFideId "4122488"]
[EventDate "2017.07.02"]

1. e4 c5 2. Nf3 d6 3. d4 cxd4 4. Nxd4 Nf6 5. Nc3 a6 6. Bg5 Nbd7 7. f4 Qc7 8. Qf3
h6 9. Bh4 g5 10. fxg5 hxg5 11. Bxg5 Qc5 12. Be3 Ne5 13. Qe2 Neg4 14. Bg1 Bh6 15.
a3 Qg5 16. g3 Ne5 17. Bg2 Bg4 18. Qf2 Nc4 19. h3 Bd7 20. Nf5 Nxb2 21. h4 Qg6 22.
Rb1 Nc4 23. Nxh6 Qxh6 24. Qd4 Nxa3 25. Qd2 Qxd2+ 26. Kxd2 Nxb1+ 27. Nxb1 Bc6 28.
Nc3 Rg8 29. Bf2 Ng4 30. Bd4 Ne5 31. Bf2 e6 32. Ne2 Kd7 33. Nd4 Rg4 34. Nxc6 Kxc6
35. Ke3 b5 36. Bh3 Rgg8 37. Kf4 a5 38. h5 a4 39. Bd4 a3 40. h6 Rg6 41. h7 Rh6
42. Bxe6 Rxe6 43. h8=Q Rxh8 44. Rxh8 Ng6+ 0-1

[Event "70th ch-RUS HL 2017"]
[Site "Sochi RUS"]
[Date "2017.07.04"]
[Round "3.24"]
[White "Saveliev, Alexei"]
[Black "Vavulin, Maksim"]
[Result "1/2-1/2"]
[BlackTitle "IM"]
[WhiteElo "2403"]
[BlackElo "2595"]
[WhiteFideId "24128546"]
[BlackFideId "4169530"]
[EventDate "2017.07.02"]

1. e4 Nf6 2. e5 Nd5 3. d4 d6 4. Nf3 Bg4 5. Be2 e6 6. c4 Nb6 7. exd6 cxd6 8. O-O
Be7 9. Nc3 O-O 10. Be3 N8d7 11. b3 Nf6 12. h3 Bh5 13. Re1 Nbd7 14. Qd2 Rc8 15.
Rac1 Re8 16. a3 a6 17. Qa2 h6 18. Red1 Bf8 19. Qd2 Qc7 20. Qa2 b6 21. Bf4 Qb7
22. b4 Ne4 23. Nxe4 Qxe4 24. Bg3 Nf6 25. c5 dxc5 26. Bxa6 Ra8 27. Re1 Qc6 28.
Be2 Qa4 29. dxc5 bxc5 30. bxc5 Rec8 31. Bd6 Bxd6 32. cxd6 Rd8 33. Red1 Nd5 34.
g4 Bg6 35. Ne5 Rxd6 36. Nxg6 fxg6 37. Bf3 Kh7 38. Bxd5 exd5 39. Rxd5 Rxd5 40.
Qxd5 Qxa3 41. Rc7 Qa1+ 42. Kg2 Re8 43. Rd7 Qe5 1/2-1/2

[Event "70th ch-RUS HL 2017"]
[Site "Sochi RUS"]
[Date "2017.07.04"]
[Round "3.25"]
[White "Sek, Konstantin"]
[Black "Faizrakhmanov, Ramil"]
[Result "1-0"]
[BlackTitle "FM"]
[WhiteElo "2465"]
[BlackElo "2414"]
[WhiteFideId "24104302"]
[BlackFideId "24103209"]
[EventDate "2017.07.02"]

1. e4 e5 2. Nc3 Nf6 3. Bc4 Nc6 4. d3 Bc5 5. f4 d6 6. Nf3 a6 7. Rf1 h6 8. Nd5 Bg4
9. c3 O-O 10. h3 Be6 11. Nxf6+ Qxf6 12. f5 Bxc4 13. dxc4 Qe7 14. g4 f6 15. h4
Qf7 16. b3 b5 17. g5 bxc4 18. gxf6 Qxf6 19. Qd5+ Qf7 20. Qxc6 cxb3 21. axb3 Qxb3
22. Bd2 Qc4 23. Qa4 Qd3 24. Qa2+ d5 25. Qxd5+ Qxd5 26. exd5 Rxf5 27. Ra4 e4 28.
Rxe4 Rxd5 29. Ke2 a5 30. Ra1 Rf5 31. Raa4 Bd6 32. Nd4 Rh5 33. c4 Bg3 34. Nf3 Rf5
35. Bxh6 Rb8 36. Bd2 Rb3 37. Re8+ Kf7 38. Re3 1-0

[Event "70th ch-RUS HL 2017"]
[Site "Sochi RUS"]
[Date "2017.07.04"]
[Round "3.26"]
[White "Lugovskoy, Maxim"]
[Black "Musaev, Rasul"]
[Result "1-0"]
[WhiteTitle "GM"]
[BlackTitle "FM"]
[WhiteElo "2453"]
[BlackElo "2287"]
[WhiteFideId "24126454"]
[BlackFideId "24146870"]
[EventDate "2017.07.02"]

1. d4 Nf6 2. Nc3 d5 3. Bf4 c5 4. e3 cxd4 5. exd4 a6 6. Bd3 Nc6 7. Nge2 g6 8. Qd2
Bg7 9. f3 Nh5 10. Bh6 Nb4 11. g4 Nxd3+ 12. cxd3 Bxh6 13. Qxh6 Nf6 14. Ng3 e6 15.
O-O-O b5 16. Kb1 Bb7 17. Rhe1 Bc6 18. Rc1 Kd7 19. Nd1 b4 20. g5 Ne8 21. Ne3 Bb5
22. Ng4 Ke7 23. Ne5 Rc8 24. Rxc8 Qxc8 25. f4 Qb7 26. f5 gxf5 27. Nxf5+ Kd8 28.
Nd6 1-0

[Event "70th ch-RUS HL 2017"]
[Site "Sochi RUS"]
[Date "2017.07.04"]
[Round "3.27"]
[White "Drygalov, Andrey"]
[Black "Sin, Denis"]
[Result "1-0"]
[BlackTitle "FM"]
[WhiteElo "2416"]
[BlackElo "2258"]
[WhiteFideId "24171735"]
[BlackFideId "34126683"]
[EventDate "2017.07.02"]

1. Nf3 Nf6 2. c4 g6 3. b3 Bg7 4. Bb2 O-O 5. g3 d6 6. d4 e5 7. dxe5 Ng4 8. Nc3
Nxe5 9. Bg2 Nxf3+ 10. Bxf3 Nc6 11. O-O Rb8 12. Bg2 Bd7 13. Qd2 Ne5 14. Rac1 Bc6
15. Nd5 Nd7 16. Bxg7 Kxg7 17. Qd4+ Kg8 18. b4 a6 19. e4 b6 20. f4 Ba8 21. a3 Rc8
22. Bh3 Bxd5 23. cxd5 Ra8 24. e5 Ra7 25. e6 Nf6 26. exf7+ Kg7 27. Be6 1-0

[Event "70th ch-RUS HL 2017"]
[Site "Sochi RUS"]
[Date "2017.07.05"]
[Round "4.1"]
[White "Shimanov, Aleksandr"]
[Black "Najer, Evgeniy"]
[Result "1/2-1/2"]
[WhiteTitle "GM"]
[BlackTitle "GM"]
[WhiteElo "2623"]
[BlackElo "2706"]
[WhiteFideId "4198603"]
[BlackFideId "4118987"]
[EventDate "2017.07.02"]

1. d4 d5 2. c4 dxc4 3. e4 e5 4. Nf3 exd4 5. Bxc4 Nc6 6. O-O Bc5 7. Qb3 Qf6 8. e5
Qf5 9. Re1 Nge7 10. Nbd2 Bb6 11. Bd3 Qe6 12. Nc4 h6 13. Bd2 Bd7 14. Rac1 O-O 15.
Nh4 Kh8 16. f4 Qg4 17. g3 Nf5 18. Nxb6 axb6 19. Be2 Qh3 20. Bf1 Qg4 21. Be2 Qh3
22. Bf1 Qg4 1/2-1/2

[Event "70th ch-RUS HL 2017"]
[Site "Sochi RUS"]
[Date "2017.07.05"]
[Round "4.2"]
[White "Romanov, Evgeny"]
[Black "Motylev, Alexander"]
[Result "1-0"]
[WhiteTitle "GM"]
[BlackTitle "GM"]
[WhiteElo "2610"]
[BlackElo "2680"]
[WhiteFideId "4148843"]
[BlackFideId "4121830"]
[EventDate "2017.07.02"]

1. Nf3 d5 2. d3 g6 3. Nbd2 Bg7 4. e4 Nf6 5. Be2 O-O 6. O-O c5 7. c3 Nc6 8. e5
Ng4 9. d4 cxd4 10. cxd4 f6 11. h3 Nh6 12. exf6 exf6 13. Nb3 Nf5 14. Bf4 Re8 15.
Rc1 Qb6 16. Re1 Re4 17. Bd2 Kf7 18. Nc5 Re8 19. Qa4 Bf8 20. Bd3 Rxe1+ 21. Bxe1
a6 22. Rc2 Rb8 23. Bc3 Qd8 24. b4 b5 25. Qb3 Kg7 26. Re2 a5 27. a3 a4 28. Qa2
Qd6 29. Re1 Bd7 30. Ne5 Bc8 31. Ng4 h5 32. Ne3 Nfe7 33. Qe2 Qf4 34. g3 Qd6 35.
h4 Na7 36. Ng2 Bg4 37. Qc2 Nac6 38. Nf4 Nf5 39. Nce6+ Kf7 40. f3 Bxf3 41. Bxf5
gxf5 42. Qxf5 1-0

[Event "70th ch-RUS HL 2017"]
[Site "Sochi RUS"]
[Date "2017.07.05"]
[Round "4.3"]
[White "Ponkratov, Pavel"]
[Black "Dubov, Daniil"]
[Result "1/2-1/2"]
[WhiteTitle "GM"]
[BlackTitle "GM"]
[WhiteElo "2603"]
[BlackElo "2658"]
[WhiteFideId "4157800"]
[BlackFideId "24126055"]
[EventDate "2017.07.02"]

1. d4 Nf6 2. c4 g6 3. Nc3 d5 4. Bg5 c5 5. Bxf6 exf6 6. Nxd5 Be6 7. e3 Nc6 8.
dxc5 Qa5+ 9. Nc3 f5 10. Qa4 Qxa4 11. Nxa4 Nb4 12. Kd2 O-O-O+ 13. Kc3 Na6 14. Kc2
f4 15. Re1 fxe3 16. fxe3 Bh6 17. Nf3 Rhe8 18. e4 f5 19. e5 Bd7 20. Nc3 Bc6 21.
h4 Bf4 22. Nd5 Bg3 23. Rd1 Nxc5 24. h5 Ne4 25. hxg6 hxg6 26. Rh7 Bxd5 27. Rxd5
Rxd5 28. cxd5 Bxe5 29. Bb5 Rh8 30. Rxh8+ Bxh8 31. Be8 Nf6 32. Bxg6 Nxd5 33.
Bxf5+ Kc7 34. g4 Ne3+ 35. Kc1 Kd6 36. b3 Nxf5 37. gxf5 Kd5 38. Ng5 Bf6 39. Nf7
Be7 40. Kc2 Ke4 41. f6 Bxf6 42. Nd6+ Kd5 43. Nxb7 Kc6 44. Na5+ Kb5 45. Nc4 Kb4
46. a3+ Kb5 47. Nd6+ Kc6 48. Nf5 Kb5 49. Kd3 Bb2 50. Nd6+ Kc5 51. Ne4+ Kb5 52.
Nc3+ Kc6 53. Nb1 Kc5 54. Kc2 Bf6 55. b4+ Kc6 56. a4 Bh4 57. Kd3 Be1 58. Kc4 a6
59. Nc3 Kb6 60. Ne4 Bg3 61. Kd5 Be1 1/2-1/2

[Event "70th ch-RUS HL 2017"]
[Site "Sochi RUS"]
[Date "2017.07.05"]
[Round "4.4"]
[White "Levin, Evgeny A."]
[Black "Zvjaginsev, Vadim"]
[Result "1/2-1/2"]
[WhiteTitle "GM"]
[BlackTitle "GM"]
[WhiteElo "2524"]
[BlackElo "2649"]
[WhiteFideId "4182596"]
[BlackFideId "4113403"]
[EventDate "2017.07.02"]

1. d4 Nf6 2. c4 e6 3. Nc3 d5 4. cxd5 exd5 5. Bg5 c6 6. e3 Bf5 7. Qf3 Be6 8. Bxf6
Qxf6 9. Qxf6 gxf6 10. Bd3 Nd7 11. Nf3 Nb6 12. O-O-O Nc8 13. Ne2 Nd6 14. Ng3 f5
15. Nh4 Rg8 16. Rhg1 Ne4 17. Rdf1 f4 18. exf4 Rg4 19. Nf3 Rxf4 20. Nh5 Rf5 21.
Ng3 Rf4 22. Nh5 Rf5 23. Ng3 Rf4 1/2-1/2